000 01392cam a2200325 a 4500
001 1196
005 20230824110205.0
008 080807s2008 nyu b 000 1 eng
020 _a9780545034586
040 _aDLC
_cDLC
_beng
050 0 0 _aPZ7.M59433
_bPri 2008
082 0 0 _aFic
_222
100 1 _aMiles, Ellen.
245 1 0 _aPrincess
_cEllen Miles.
250 _aFirst printing, March 2008
260 _aNew York :
_bScholastic,
_c2008.
300 _a81 pages ;
_c20 cm
_bIllustrations;
490 0 _aThe puppy place
500 _a"Little apple."
505 _aS
520 _aIt seems like it's going to be just another normal Peterson family trip for haircuts - that is until Charles meets Princess, a spoiled but irresistible Yorkie pup. She belongs to one of the stylists but Princess's owner is moving and can't take the puppy with her. Charles volunteers to care for Princess until they find her a new home. But it doesn't take long for the Petersons to get tired of Princess's privileged ways. How will Charles ever find the right family for this high maintenance pup?
521 0 _a760
_bLexile
521 1 _aS
_bRaz-Plus
650 1 _aDog adoption
_vFiction.
650 1 _aYorkshire terrier
_vFiction.
650 1 _aDogs
_vFiction.
650 1 _aAnimals
_xInfancy
_vFiction.
906 _a7
_bcbc
_corigres
_d2
_encip
_f20
_gy-gencatlg
942 _2ddc
_cBK
_n0
999 _c1196
_d1196